Anekdoty na rozloučenou /

Uložené v:
Podrobná bibliografia
Ďalší autori: Born, Adolf 1930- (Illustrator)
Médium: Kniha
Jazyk:Czech
Vydané: Praha : Lidové nakladatelství, 1981.
Vydanie:1. vyd.
Edícia:Anekdoty sv. 50
ISBN: (viaz.)
Fyzický popis: 94 s.
Tagy: Pridať tag
Žiadne tagy, Buďte prvý kto otaguje tento záznam!

MARC

LEADER 00000nam a2200000 a 4500
001 000193607
005 20090920123905.0
008 040101s1981 xr e czeo
020 |a (viaz.) 
040 |a SVKKK  |b slo  |c SVKKK  |e AACR2 
041 0 |a cze 
044 |a xr  |c CZ 
245 1 0 |a Anekdoty na rozloučenou /  |c sest. Jura Bagár ; ilustr. Adolf Born. 
250 |a 1. vyd. 
260 |a Praha :  |b Lidové nakladatelství,  |c 1981. 
300 |a 94 s. 
366 |a 70000 výt. 
490 1 |a Anekdoty  |v sv. 50 
700 1 |a Born, Adolf  |d 1930-  |4 ill 
830 0 |a Anekdoty  |v sv. 50 
910 |a svkkk 
998 |a BK 
090 |g SCKHL  |k Sklad Hlavná 10 suterén  |a I.52970  |j 644701  |i 2720442967  |s Povinný výt.